Responses for Show #3033 - Wednesday, November 5, 1997

1997-B Teen Tournament quarterfinal game 3.

Contestants

[<< previous game]

Evan Johnson, a senior from Chevy Chase, Maryland

Deon Lackey, a senior from Oklahoma City, Oklahoma

Sahir Islam, a senior from Somers, New York

[next game >>]

Jeopardy! Round responses

U.S. PRESIDENTS
FLOWER POWER
CITIES OF THE BIBLE
SODA POP QUIZ
BALL GAMES
PASSING "NOTE"s
    $100 10
Abraham Lincoln

Sahir
    $100 19
the daisy

Sahir
    $100 5
(Deon: What is Bethlehem?)

Jerusalem

Deon
Triple Stumper
    $100 27
Coca-Cola

Evan
    $100 1
softball

Evan
    $100 24
a ransom note

Evan
    $200 11
Ronald Reagan

Sahir
    $200 16
a tulip

Evan
    $200 4
Sodom

Deon
    $200 26
ginger ale

Deon
    $200 30
the 8-ball

Evan
    $200 29
Cliff's Notes

Deon
    $300 2
Richard Nixon

Sahir
    $300 22
the poinsettia

Deon
    $300 6
Jericho

Deon
    $300 17
Carbon dioxide (CO2)

Sahir
    $300 20
Tetherball

Sahir
    $300 28
a C-note

Evan
    $400 3
John F. Kennedy

Evan
    $400 21
the orchid

Deon
    $400 7
Babylon

Deon
    $400 18
Dr. Charles T. Pepper

Deon
    $400 15
football

Sahir
    $400 12
notebooks

Evan
    $500 9
George H.W. Bush

Deon
    $500 23
the dahlia

Sahir
    $500 8
Damascus

Sahir
    $500 14
NutraSweet

Evan
    $700 13
skee ball

Evan
    $500 25
a whole note

Evan

Scores at the first commercial break (after clue 14):

Sahir Deon Evan
$1,100 $1,300 $2,100

Scores at the end of the Jeopardy! Round:

Sahir Deon Evan
$2,700 $2,800 $3,500

Double Jeopardy! Round responses

ISLANDS
PARTY GEOMETRY
SHOWBIZ FAMILIES
STUFF
AMERICAN LIT
"END" AT THE BEGINNING
    $200 24
Japan

Sahir
    $200 14
Cone

Evan
    $200 29
Wayans

Evan
    $200 1
Constitution

Deon
    $200 2
(Alex: She didn't like that.)

0

Evan
    $200 18
Endangered species list

Evan
    $400 23
Cyprus

Deon
    $400 19
Arcs

Evan
    $400 30
Bridges

Sahir
    $400 28
Gabriel

Evan
    $400 27
Hawkeye

Sahir
    $400 26
Endurance

Evan
    $5,000 16
Taiwan

Evan
    $600 13
Parallel lines

Deon
    $600 25
Carradine

Sahir
    $600 22
Epsilon, Omicron or Upsilon

Evan
    $600 11
Robert Frost

Sahir
    $600 7
Endearment

Sahir
    $800 3
Aleutians

Evan
    $3,000 5
Volume

Sahir
    $800 8
Barrymore

Evan
    $800 20
(D: What is catching a fly ball?)

Singing the National Anthem

SahirDeon
    $800 15
The Lottery

Evan
    $800 17
Endowment

Deon
    $1000 9
Bahamas

Triple Stumper
    $1000 4
(E: What is neighbor?)

Adjacent

SahirEvan
    $1000 21
Booth

Evan
    $1000 12
Kon-Tiki

Evan
    $1000 6
Pequod

Triple Stumper
    $1000 10
Endocrine

Sahir

Scores at the end of the Double Jeopardy! Round:

Sahir Deon Evan
$11,300 $4,000 $14,500

Final Jeopardy! Round responses

HISTORIC NAMES
DeonWho is Lali
$2,500
SahirWho is MacArthur???
$700
EvanWho is Marcos?
$8,101
Douglas MacArthur

Final scores:

Sahir Deon Evan
$12,000 $1,500 $6,399
Automatic semifinalist 3rd place: $1,000 if eliminated 2nd place: $1,000 if eliminated

Game dynamics:

Coryat scores:

Sahir Deon Evan
$9,100 $4,000 $9,900
19 R
(including 1 DD),
0 W
13 R,
2 W
25 R
(including 2 DDs),
1 W

Combined Coryat: $23,000

[game clues] [game scores] [suggest correction]

Game tape date: 1997-10-12
The J! Archive is created by fans, for fans. Scraping, republication, monetization, and malicious use prohibited; this site may use cookies and collect identifying information. See terms. The Jeopardy! game show and all elements thereof, including but not limited to copyright and trademark thereto, are the property of Jeopardy Productions, Inc. and are protected under law. This website is not affiliated with, sponsored by, or operated by Jeopardy Productions, Inc. Join the discussion at JBoard.tv.